| 000 | 00331nam a22000977a 4500 | ||
|---|---|---|---|
| 008 | 230717b |||||||| |||| 00| 0 eng d | ||
| 040 |
_aNational Science Library _cNational Science Library |
||
| 245 | _aBibliography and index of geology exclusive of North America | ||
| 260 |
_aUS: _bAmerican Geological Institute, |
||
| 942 |
_2udc _cCR |
||
| 999 |
_c53265 _d53265 |
||